000 00860nam a22002055i 4500
001 157833
003 ES-MaACL
005 20251005063123.0
008 990304s1886 sp a |||| | spa d
040 _aCCPB | B
_bspa
_cCCPB | B
100 1 _aLlacayo y Santa María, Augusto,
_d1839-1886
_9128990
245 1 0 _aBurgos
_b: catedral, Cartuja, Huelgas : monumentos religiosos, artísticos è históricos, curiosidades, cosas notables de Burgos y sus cercanías /
_cpor Augusto Llacayo.
260 _aBurgos :
_b[s.n.],
_c1886 (
_fImprenta de Timoteo Arnáiz)
300 _aXIV, 236, [8] p., [9] h. de lám. ;
_c20 cm.
599 _aUna de las h. de lám. es retrato del autor.
651 4 _aBurgos-
_xMonumentos.
_9137071
651 4 _aBurgos (Provincia)-
_xDescripción.
_97904
852 _aES-MaACL
_jG-1015
_z-- Rúst.
999 _c157833
_d157833